Role of media in supporting active European citizenship of youg people
Úloha vzdelávania a médií pri podpore aktívneho európskeho občianstva mladých ľudí. Nové metódy používané pri výučbe cudzích jazykov. Vyučovanie a učenie sa cudzích jazykov prostredníctvom médií by malo ísť ruka v ruke s kultúrou a interkulturalitou.
Gespeichert in:
| 1. Verfasser: | |
|---|---|
| Format: | Buchkapitel |
| Sprache: | Englisch |
| Schlagworte: | |
| Tags: |
Keine Tags, Fügen Sie das erste Tag hinzu!
|
MARC
| LEADER | 00000naa a2200000 4500 | ||
|---|---|---|---|
| 001 | 0166221 | ||
| 005 | 20231207093635.7 | ||
| 041 | 0 | |a eng | |
| 044 | |a SK | ||
| 245 | 1 | 0 | |a Role of media in supporting active European citizenship of youg people |c Anna Slatinská |
| 520 | |a Úloha vzdelávania a médií pri podpore aktívneho európskeho občianstva mladých ľudí. Nové metódy používané pri výučbe cudzích jazykov. Vyučovanie a učenie sa cudzích jazykov prostredníctvom médií by malo ísť ruka v ruke s kultúrou a interkulturalitou. | ||
| 610 | 2 | 0 | |a médiá |
| 610 | 2 | 0 | |a vzdelávanie |
| 610 | 2 | 0 | |a multikulturalizmus |
| 610 | 2 | 0 | |a kultúra |
| 610 | 2 | 0 | |a jazyky cudzie |
| 610 | 2 | 0 | |a Európa |
| 610 | 2 | 0 | |a občianstvo štátne |
| 610 | 2 | 0 | |a komunikácia interkultúrna |
| 100 | 1 | |a Slatinská, Anna | |